Tester aktívnych hlavových opierok vo firme Johnson Controls

Gespeichert in:
Bibliographische Detailangaben
1. Verfasser: Nguyen, Jaroslav, 1986- (Verfasst von)
Weitere Verfasser: Beniak, Juraj, 1974- (Betreuung Doktorarbeit)
Format: Manuskript Buch
Sprache:Slowakisch
Veröffentlicht: Bratislava : STU v Bratislave SjF, 2011
Schlagworte:
Online-Zugang:VAIS
Tags: Tag hinzufügen
Keine Tags, Fügen Sie das erste Tag hinzu!

MARC

LEADER 00000ntm a22000003a 4500
001 stu233007
005 20150617230132.7
008 110803s2011----xo------------------slo-d
040 |a STU  |b slo 
041 0 |a slo 
044 |a xo 
100 1 |a Nguyen, Jaroslav,  |d 1986-  |4 aut  |u J0070  |U SjF Strojnícka fakulta  |T SjF Ústav výrobných systémov, enviromentálnej techniky a manažment kvality  |X 41342  |U J0070  |Y 804  |7 A000041342 
242 0 0 |a Active head restraints tester in Johnson Controls company  |y eng 
245 1 |a Tester aktívnych hlavových opierok vo firme Johnson Controls 
260 |a Bratislava :  |b STU v Bratislave SjF,  |c 2011 
650 7 |a strojárske technológie a materiály  |2 stusub 
650 7 |a Production Processes and Materials  |2 estusub 
650 7 |a vehicle  |2 estusub 
650 7 |a testovanie  |2 stusub 
700 1 |a Beniak, Juraj,  |d 1974-  |4 ths  |u J0070  |U SjF Strojnícka fakulta  |T SjF Ústav výrobných systémov, enviromentálnej techniky a manažment kvality  |X 2226  |U J0070  |Y 804  |7 A000002226 
856 4 |a info a plný text  |u http://is.stuba.sk/zp/portal_zp.pl?podrobnosti=74479  |3 VAIS